Wireless coils, chokes & transformers : with special chapters on selectivity, breakthrough, coil winders, coil troubles, and their remedies /

Bibliographic Details
Other Authors: Camm, F. J. (Frederick James), 1897-1959 (Editor)
Format: Book
Language:English
Published: London : Newnes, [1949]
Edition:[8th ed.].
Subjects:

MARC

Tag First Indicator Second Indicator Subfields
LEADER 00000cam a2200000Ia 4500
001 in00000044521
005 20230925145344.2
008 800609s1949 enka 001 0 eng d
035 |a (OCoLC)ocm06397390 
035 |a (OCoLC)06397390 
035 |9 AAE8947AM 
040 |a TXA  |c TXA  |d UtOrBLW 
049 |a TXAM 
090 |a TK6565.C6  |b C3 1949 
092 |a 621.38413  |b C184w8 
100 1 |a Camm, F. J.  |q (Frederick James),  |d 1897-1959,  |e editor. 
245 1 0 |a Wireless coils, chokes & transformers :  |b with special chapters on selectivity, breakthrough, coil winders, coil troubles, and their remedies /  |c by F.J. Camm. 
250 |a [8th ed.]. 
264 1 |a London :  |b Newnes,  |c [1949] 
300 |a 180 pages :  |b illustrations, diagrams ;  |c 23 cm. 
336 |a text  |b txt  |2 rdacontent 
337 |a unmediated  |b n  |2 rdamedia 
338 |a volume  |b nc  |2 rdacarrier 
500 |a "With 126 illustrations." 
500 |a Includes index. 
650 0 |a Electric coils. 
650 0 |a Radio transformers. 
650 0 |a Radio  |x Equipment and supplies. 
949 |a updated  |b h  |c 2005/2/25  |e fpiscitelli  |f 5:51:20 pm 
994 |a E0  |b TXA 
999 |a MARS 
999 f f |s e748fd0e-b615-32da-8f23-d4474962c882  |i e8515b3a-38f2-3334-a0b7-e813220a726d  |t 0 
952 f f |p ric  |a Texas A&M University  |b Rellis Campus  |c Joint Library Facility  |d Remote Storage  |t 0  |e TK6565.C6 C3 1949  |h Library of Congress classification  |i unmediated -- volume  |m A14801038401 
998 f f |a TK6565.C6 C3 1949  |t 0  |l Remote Storage